000 00283nam a22001337a 4500
008 181205b xxu||||| |||| 00| 0 eng d
020 _a9780669408812
041 _aeng
080 _a370
100 _a49
101 _aEDU
245 _aWrite And Track
_cDave.k
942 _2udc
_cBK
999 _c52909
_d52909